000 00468nam a22001697a 4500
003 CEME
005 20210628201631.0
008 210212b xxu||||| |||| 00| 0 eng d
040 _c.
082 _a629.2549 MIZ
100 _aMizutani, Shuji
_956105
245 _aCar electronics
260 _aAMERICA
_bSANKAIDO CO-SAE PUB
_c1992
300 _aVII,280P
650 _aAUTOMOTIVE ELECTRONICS POWERTRAIN CONTROL VEHICLE CONTROL BODY CONTROL
_956106
942 _cBK
_2ddc
999 _c566630
_d566630